[Event "I Torneo Puente Foral"]
[Site "?"]
[Date "2006.12.07"]
[Round "5.2"]
[White "Iza Abete, Amaia"]
[Black "Zamarbide Iñarrea, Daniel"]
[Result "0-1"]
[WhiteElo "2025"]
[BlackElo "2015"]
[PlyCount "46"]
[EventDate "2006.12.04"]

1. e4 e6 2. d4 d5 3. e5 c5 4. c3 Qb6 5. a3 Nc6 6. Nf3 Nh6 7. b4 cxd4 8. cxd4
Nf5 9. Bb2 Bd7 10. g4 Nfe7 11. Nc3 Na5 12. Qc2 Nc4 13. Bxc4 dxc4 14. Ne4 Nd5
15. Qxc4 Bb5 16. Qb3 Nf4 17. Kd2 Qc6 18. Ng3 Bc4 19. Qe3 Nd5 20. Qe4 a5 21.
bxa5 Qb5 22. Bc3 Nxc3 23. Kxc3 Bd5 0-1

[Event "I Torneo Puente Foral"]
[Site "?"]
[Date "2006.12.07"]
[Round "5.3"]
[White "Ojer Lora, Iker"]
[Black "Fournier, Camille"]
[Result "1/2-1/2"]
[WhiteElo "2123"]
[BlackElo "2091"]
[PlyCount "86"]
[EventDate "2006.12.04"]

1. e4 c6 2. d4 d5 3. Nc3 dxe4 4. Nxe4 Bf5 5. Ng3 Bg6 6. h4 h6 7. Nf3 Nd7 8. h5
Bh7 9. Bd3 Bxd3 10. Qxd3 e6 11. Bf4 Qa5+ 12. Bd2 Qc7 13. O-O-O Ngf6 14. Ne4
Nxe4 15. Qxe4 Nf6 16. Qe2 Bd6 17. g3 O-O-O 18. c4 Rhe8 19. Bc3 c5 20. Rde1 Kb8
21. Kb1 Ka8 22. b3 a6 23. Rh4 cxd4 24. Bxd4 Qa5 25. Qe3 Qf5+ 26. Kb2 Bb4 27.
Re2 Qa5 28. a4 Rd6 29. Ne5 Qc7 30. Nd3 Ba5 31. Be5 Red8 32. Rd4 Rxd4 33. Bxc7
Rxd3 34. Qe5 Bc3+ 35. Qxc3 Rxc3 36. Bxd8 Rf3 37. Bb6 Rd3 38. a5 Kb8 39. Kc2 Rd7
40. Re3 Ng8 41. g4 Ne7 42. f4 Nc6 43. Re4 Nb4+ $11 1/2-1/2

[Event "I Torneo Puente Foral"]
[Site "?"]
[Date "2006.12.08"]
[Round "7.1"]
[White "Navarrete Delgado, Sergio"]
[Black "Rizouk, Aimen"]
[Result "1/2-1/2"]
[WhiteElo "2211"]
[BlackElo "2438"]
[PlyCount "30"]
[EventDate "2006.12.04"]

1. e4 e5 2. Nf3 Nc6 3. Bc4 Bc5 4. c3 Nf6 5. d4 exd4 6. cxd4 Bb4+ 7. Bd2 Bxd2+
8. Nbxd2 d5 9. exd5 Nxd5 10. O-O O-O 11. Ne5 Na5 12. Bd3 Nf4 13. Ndf3 Be6 14.
Bc2 Qf6 15. Rc1 Rad8 $11 1/2-1/2

[Event "I Torneo Puente Foral"]
[Site "?"]
[Date "2006.12.08"]
[Round "7.2"]
[White "Ducret, Thomas"]
[Black "Navarro Cia, Miguel"]
[Result "0-1"]
[WhiteElo "2206"]
[BlackElo "2297"]
[PlyCount "58"]
[EventDate "2006.12.04"]

1. d4 f5 2. e4 fxe4 3. Nc3 Nf6 4. Bg5 Nc6 5. Nh3 g6 6. Nf4 Bg7 7. h4 d5 8. Be2
e6 9. h5 Kf7 10. f3 exf3 11. Bxf3 h6 12. hxg6+ Kg8 13. Bh4 Qd6 14. Qd2 Nxd4 15.
Qxd4 Nh5 16. Qd2 Nxf4 17. O-O-O Nxg6 18. Bh5 Nxh4 19. Rxh4 Bd7 20. Qf2 Rf8 21.
Qxa7 b6 22. Qa6 Be8 23. Bxe8 Rxe8 24. Qd3 Qe5 25. Qh3 Rf8 26. Rh5 Qf6 27. Re1
Qf4+ 28. Kb1 Rf6 29. Rhe5 Qxe5 0-1

[Event "I Torneo Puente Foral"]
[Site "?"]
[Date "2006.12.08"]
[Round "7.4"]
[White "Cuartas, Jaime Alexander"]
[Black "Mindeguia Guruceaga, Juan J"]
[Result "1/2-1/2"]
[WhiteElo "2477"]
[BlackElo "2207"]
[PlyCount "97"]
[EventDate "2006.12.04"]

1. e4 e5 2. Nf3 Nc6 3. Bb5 f5 4. d3 fxe4 5. dxe4 Nf6 6. O-O Bc5 7. Bxc6 bxc6 8.
Nxe5 O-O 9. Bg5 Qe8 10. Bxf6 Rxf6 11. Nd3 Bb6 12. Nd2 d5 13. e5 Rf5 14. c4 dxc4
15. Nxc4 Ba6 16. Qa4 Bb5 17. Qb3 Qf7 18. Nxb6 Qxb3 19. axb3 cxb6 20. Rfd1 Rd8
21. Ne1 Rxd1 22. Rxd1 Rxe5 23. Nf3 Re2 24. h4 c5 25. Rd8+ Re8 26. Rxe8+ Bxe8
27. Nd2 Kf7 28. f3 Ke6 29. Kf2 Kd5 30. Ke3 b5 31. Ne4 a5 32. g4 b4 33. f4 a4
34. bxa4 Bxa4 35. f5 Bc2 36. f6 gxf6 37. Nxf6+ Ke5 38. Nd7+ Kd6 39. Nf6 c4 40.
Kd2 Bg6 41. h5 Bb1 42. g5 Ke6 43. Nxh7 Bxh7 44. g6 Bxg6 45. hxg6 Kf6 46. Ke3 c3
47. bxc3 bxc3 48. Kd3 Kxg6 49. Kxc3 1/2-1/2

[Event "I Torneo Puente Foral"]
[Site "?"]
[Date "2006.12.08"]
[Round "7.5"]
[White "Rada Equiza, Miguel"]
[Black "Huerga Leache, Mikel"]
[Result "1/2-1/2"]
[WhiteElo "2258"]
[BlackElo "2315"]
[PlyCount "104"]
[EventDate "2006.12.04"]

1. e4 e6 2. d4 d5 3. e5 c5 4. c3 Qb6 5. Nf3 Nc6 6. a3 Nh6 7. b4 cxd4 8. cxd4
Nf5 9. Be3 f6 10. exf6 gxf6 11. Nc3 Nxe3 12. fxe3 Bh6 13. Qd2 O-O 14. Bd3 Kh8
15. Na4 Qd8 16. O-O e5 17. Bb5 e4 18. Nh4 Ne7 19. g3 Bh3 20. Rf2 a5 21. Ng2
axb4 22. Qxb4 Bxg2 23. Kxg2 Bxe3 24. Rc2 Bh6 25. Nc5 Qd6 26. Rf1 f5 27. Nxb7
Qxb4 28. axb4 Rfb8 29. Nd6 Rb6 30. Nf7+ Kg7 31. Nxh6 Kxh6 32. Bd7 Rxb4 33. Bxf5
Nxf5 34. Rxf5 Rxd4 35. Rb2 Ra6 36. g4 Rd3 37. h4 d4 38. Rh5+ Kg6 39. Rg5+ Kf6
40. Rh5 Rda3 41. Rbb5 d3 42. Rxh7 Ra7 43. Rhh5 d2 44. Rb6+ Kg7 45. Rg5+ Kf8 46.
Rf5+ Rf7 47. Rb8+ Kg7 48. Rg5+ Kf6 49. Rf5+ Kg7 50. Rg5+ Kf6 51. Rf5+ Kg6 52.
Rg5+ Kf6 $11 1/2-1/2

[Event "I Torneo Puente Foral"]
[Site "?"]
[Date "2006.12.08"]
[Round "8.1"]
[White "Rizouk, Aimen"]
[Black "Huerga Leache, Mikel"]
[Result "1/2-1/2"]
[WhiteElo "2438"]
[BlackElo "2315"]
[PlyCount "34"]
[EventDate "2006.12.04"]

1. e4 c5 2. Nf3 Nc6 3. Bb5 a6 4. Bxc6 dxc6 5. d3 Qc7 6. h3 e5 7. Nc3 Bd6 8. Nd2
Ne7 $11 9. Nc4 Ng6 10. a4 a5 11. Be3 Be6 12. b3 b6 13. Qd2 f6 14. Ne2 Nh4 15.
Kf1 O-O 16. f3 Be7 17. Bf2 f5 $11 1/2-1/2

[Event "I Torneo Puente Foral"]
[Site "?"]
[Date "2006.12.08"]
[Round "8.2"]
[White "Mindeguia Guruceaga, Juan J"]
[Black "Rada Equiza, Miguel"]
[Result "1/2-1/2"]
[WhiteElo "2207"]
[BlackElo "2258"]
[PlyCount "24"]
[EventDate "2006.12.04"]

1. e4 e6 2. d4 d5 3. exd5 exd5 4. Bd3 Nc6 5. c3 Bd6 6. Qf3 Be6 7. Ne2 Qf6 8.
Qxf6 Nxf6 9. Bf4 O-O-O 10. Nd2 Rhe8 11. O-O-O Bg4 12. f3 Bh5 1/2-1/2

[Event "I Torneo Puente Foral"]
[Site "?"]
[Date "2006.12.08"]
[Round "8.4"]
[White "Navarro Cia, Miguel"]
[Black "Tissir, Mohamed"]
[Result "1/2-1/2"]
[WhiteElo "2297"]
[BlackElo "2490"]
[PlyCount "26"]
[EventDate "2006.12.04"]

1. e4 c5 2. Nf3 d6 3. d4 cxd4 4. Nxd4 Nf6 5. Nc3 a6 6. Be3 e6 7. f3 Be7 8. g4
O-O 9. Qd2 Nc6 10. O-O-O Nd7 11. h4 Nde5 12. Qg2 Qc7 13. Nf5 b5 $11 1/2-1/2

[Event "I Torneo Puente Foral"]
[Site "?"]
[Date "2006.12.08"]
[Round "8.5"]
[White "Navarrete Delgado, Sergio"]
[Black "Ducret, Thomas"]
[Result "1/2-1/2"]
[WhiteElo "2211"]
[BlackElo "2206"]
[PlyCount "20"]
[EventDate "2006.12.04"]

1. e4 e6 2. d4 d5 3. exd5 exd5 4. Bd3 Nc6 5. c3 Bd6 6. Nf3 Nge7 7. O-O O-O 8.
Re1 Bf5 9. Bg5 f6 10. Bh4 Qd7 $11 1/2-1/2

[Event "I Torneo Puente Foral"]
[Site "?"]
[Date "2006.12.08"]
[Round "6.4"]
[White "Arjol Etxeberria, David"]
[Black "Mombiela Martinez, Gonzalo"]
[Result "0-1"]
[WhiteElo "2073"]
[BlackElo "2109"]
[PlyCount "52"]
[EventDate "2006.12.04"]

1. e4 g6 2. d4 Bg7 3. Nc3 d5 4. exd5 Nf6 5. Bc4 Nbd7 6. Nf3 Nb6 7. Bb3 O-O 8.
O-O a5 9. a3 Nbxd5 10. Nxd5 Nxd5 11. h3 c6 12. Re1 h6 13. Qe2 e6 14. c4 Ne7 15.
g4 b5 16. Bf4 a4 17. Ba2 bxc4 18. Bxc4 Nd5 19. Bg3 Qb6 20. Rac1 Ba6 21. Ne5
Bxc4 22. Rxc4 Qb3 23. Nxc6 Rfc8 24. Rec1 Kh7 25. Na5 Qb5 26. Nc6 Rxc6 0-1

[Event "I Torneo Puente Foral"]
[Site "?"]
[Date "2006.12.08"]
[Round "6.1"]
[White "Burguete Archel, Eduardo"]
[Black "Argandoña Salinas, Gorka"]
[Result "1-0"]
[WhiteElo "2151"]
[BlackElo "2105"]
[PlyCount "87"]
[EventDate "2006.12.04"]

1. e4 e6 2. d4 d5 3. e5 c5 4. c3 Nc6 5. Nf3 Qb6 6. Be2 Nh6 7. Bxh6 gxh6 8. Qd2
Bg7 9. O-O O-O 10. Na3 cxd4 11. cxd4 f6 12. exf6 Rxf6 13. Nc2 a5 14. Rab1 Bd7
15. b4 axb4 16. Nxb4 Qa5 17. Rfd1 Rff8 18. g3 Ra7 19. Nxc6 Bxc6 20. Qxa5 Rxa5
21. Rd2 Rfa8 22. Rbb2 Bf8 23. Ne5 Kg7 24. Bg4 Kf6 25. Nxc6 bxc6 26. Re2 Re8 27.
Rb6 Ra4 28. Rxc6 Rxd4 29. Rcxe6+ Rxe6 30. Bxe6 Rd1+ 31. Kg2 d4 32. Bb3 Rc1 33.
Rc2 Rxc2 34. Bxc2 Kg7 35. Kf3 Bc5 36. Bd3 h5 37. Ke4 h4 38. gxh4 h6 39. Kd5 Bb6
40. a4 Kf6 41. f4 Bc7 42. f5 Bxh2 43. a5 Bb8 44. a6 1-0

[Event "I Torneo Puente Foral"]
[Site "?"]
[Date "2006.12.08"]
[Round "6.2"]
[White "Zamarbide Iñarrea, Daniel"]
[Black "Monje Peinado, Roberto"]
[Result "1/2-1/2"]
[WhiteElo "2015"]
[BlackElo "2066"]
[PlyCount "100"]
[EventDate "2006.12.04"]

1. e4 c5 2. Nf3 Nc6 3. Bb5 a6 4. Bxc6 dxc6 5. d3 Qc7 6. e5 Bg4 7. Nbd2 g6 8. h3
Bxf3 9. Nxf3 Bg7 10. Qe2 e6 11. Bf4 Ne7 12. O-O-O Nd5 13. Bg3 Bh6+ 14. Kb1 Nb6
15. Bh4 Nd7 16. Rhe1 a5 17. Nd2 Bxd2 18. Qxd2 h6 19. f4 a4 20. g4 a3 21. b3 Qa5
22. c3 Nb6 23. c4 Qxd2 24. Rxd2 Rg8 25. Bf2 Nd7 26. d4 cxd4 27. Rxd4 c5 28. Rd3
O-O-O 29. h4 b6 30. Red1 h5 31. g5 Nb8 32. Rd6 Na6 33. Be3 Rxd6 34. Rxd6 Kc7
35. Bc1 Rd8 36. Rxd8 Kxd8 37. Bxa3 Nb8 38. Bb2 Nc6 39. Bc3 Ne7 40. Be1 Kc7 41.
Bf2 Kc6 42. Kc2 Kb7 43. Kc3 Kc6 44. a3 Kb7 45. b4 Kc6 46. a4 cxb4+ 47. Kxb4 Nf5
48. a5 bxa5+ 49. Kxa5 Ne7 50. Ka6 Nc8 1/2-1/2

[Event "I Torneo Puente Foral"]
[Site "?"]
[Date "2006.12.08"]
[Round "6.3"]
[White "Sola Plaza, Gregorio"]
[Black "Iza Abete, Amaia"]
[Result "0-1"]
[WhiteElo "2012"]
[BlackElo "2025"]
[PlyCount "50"]
[EventDate "2006.12.04"]

1. e4 e5 2. f4 Bc5 3. Nf3 d6 4. Nc3 Nf6 5. Bc4 Nc6 6. d3 Bg4 7. Na4 O-O 8. Nxc5
dxc5 9. O-O exf4 10. Bxf4 Nd4 11. a4 c6 12. c3 Nxf3+ 13. gxf3 Bh3 14. Rf2 Nh5
15. Be3 b6 16. Qd2 Qd7 17. Kh1 Kh8 18. Rg1 Be6 19. Ba6 Rg8 20. f4 f5 21. Qc2
Nf6 22. h3 fxe4 23. dxe4 Nxe4 24. Bd3 Nxf2+ 25. Bxf2 Bb3 0-1

[Event "I Torneo Puente Foral"]
[Site "?"]
[Date "2006.12.08"]
[Round "6.5"]
[White "Martinez Salas, Imanol"]
[Black "Fournier, Camille"]
[Result "1/2-1/2"]
[WhiteElo "1956"]
[BlackElo "2091"]
[PlyCount "94"]
[EventDate "2006.12.04"]

1. e4 c6 2. Nc3 d5 3. Qf3 dxe4 4. Nxe4 Nd7 5. d4 Ndf6 6. c3 Bg4 7. Nxf6+ Nxf6
8. Qg3 Bh5 9. Bd3 Bg6 10. Bxg6 hxg6 11. Ne2 e6 12. Qd3 Bd6 13. Bg5 Qa5 14. Bxf6
gxf6 15. Ng3 O-O-O 16. a3 e5 17. O-O exd4 18. cxd4 Be5 19. Qc3 Bxg3 20. fxg3
Qh5 21. h3 f5 22. Rae1 Rhe8 23. Rxe8 Rxe8 24. d5 Qh8 25. dxc6 Qxc3 26. cxb7+
Kxb7 27. bxc3 Re3 28. Rf3 Re1+ 29. Kf2 Ra1 30. c4 Ra2+ 31. Kg1 Ra1+ 32. Kh2 Rc1
33. Rb3+ Kc6 34. Rb4 a6 35. g4 f4 36. h4 Rc2 37. Kg1 Rc3 38. Ra4 Kc5 39. Rxa6
Rg3 40. Rf6 Rxg4 41. Rxf7 Rxh4 42. Rf6 Kxc4 43. Ra6 Rg4 44. Rf6 Kb3 45. Ra6 f3
46. g3 Rxg3+ 47. Kf2 Rh3 1/2-1/2

[Event "I Torneo Puente Foral"]
[Site "?"]
[Date "2006.12.08"]
[Round "6.6"]
[White "Ojer Lora, Iker"]
[Black "Argaya Urdaniz, Miguel"]
[Result "1/2-1/2"]
[WhiteElo "2123"]
[BlackElo "2054"]
[PlyCount "91"]
[EventDate "2006.12.04"]

1. e4 e5 2. Bc4 Nc6 3. Nc3 Nf6 4. d3 Na5 5. Bb3 Nxb3 6. axb3 d5 7. exd5 Nxd5 8.
Qe2 f6 9. f4 Nxc3 10. bxc3 Qe7 11. fxe5 Qxe5 12. Qxe5+ fxe5 13. Nf3 Bd6 14. O-O
O-O 15. Re1 Re8 16. Bb2 Bf5 17. Nd2 a5 18. Ba3 b5 19. Ne4 Re6 20. c4 bxc4 21.
bxc4 Bxa3 22. Rxa3 Bxe4 23. Rxe4 Kf7 24. c5 Kf6 25. Rea4 Rea6 26. Kf2 Ke6 27.
c4 Kd7 28. Ke3 Kc6 29. d4 exd4+ 30. Kxd4 Rd8+ 31. Kc3 Re8 32. Kd4 Re2 33. Rg3
Rd2+ 34. Kc3 Rd7 35. Rg5 Rf7 36. h4 g6 37. g4 Rf3+ 38. Kd4 Rg3 39. Ke4 Rb3 40.
Kd4 Rb4 41. Ra3 a4 42. Kc3 Rb1 43. h5 Kb7 44. hxg6 hxg6 45. c6+ Rxc6 46. Rxa4
1/2-1/2